| 000 -LEADER |
| fixed length control field |
00328nam a22001217a 4500 |
| 008 - FIXED-LENGTH DATA ELEMENTS--GENERAL INFORMATION |
| fixed length control field |
250227b ||||| |||| 00| 0 eng d |
| 020 ## - INTERNATIONAL STANDARD BOOK NUMBER |
| International Standard Book Number |
9781848126527 |
| 082 ## - DEWEY DECIMAL CLASSIFICATION NUMBER |
| Classification number |
823.92 NIX |
| 100 ## - MAIN ENTRY--PERSONAL NAME |
| Personal name |
NIX,GARTH |
| Relator term |
AUTHOR |
| 245 ## - TITLE STATEMENT |
| Title |
HAVE SWORD WILL TRAVEL |
| 260 ## - PUBLICATION, DISTRIBUTION, ETC. |
| Place of publication, distribution, etc. |
80-81 WIMPOLE ST,LONDON W1G 9RE |
| Name of publisher, distributor, etc. |
PICCADILLY PRESS |
| Date of publication, distribution, etc. |
2018 |
| 942 ## - ADDED ENTRY ELEMENTS (KOHA) |
| Source of classification or shelving scheme |
|